| 000 | 03843nam0a22004211 4500 | ||
|---|---|---|---|
| 001 | rc\4854636 | ||
| 005 | 20130426143728.4 | ||
| 021 |
_aRU _b[63-72787] |
||
| 035 | _a(NLR Aleph) 008900883 | ||
| 090 |
_a8702060 _c8702060 |
||
| 100 | _a20130426d1963 |||y0rusy50 ca | ||
| 101 | 0 | _arus | |
| 102 | _aRU | ||
| 105 | _ac z ||||| | ||
| 200 | 1 |
_aТрактаты о вечном мире _f[Предисл. чл.-кор. АН СССР Ф.В. Константинова _gВводная статья, с. 13-38, и примеч. И.С. Андреевой] |
|
| 210 |
_aМосква _cСоцэкгиз _d1963 |
||
| 215 |
_a278 с., 9 л. портр. _d19 |
||
| 300 | _aНа обороте тит. л. сост.: И.С. Андреева и А.В. Гулыга | ||
| 320 | _aБиблиогр.: с. 274-275 | ||
| 327 | 1 | _aСодерж.: Жалоба мира / Эразм Роттердамский. Всеобщий совет об исправлении человеческих дел (часть шестая); Всеобщее исправление (Panorthosie) / Я.А. Коменский. Опыт о настоящем и будущем мире в Европе путем создания европейского Конгресса, Парламента или Палаты государств / В. Пенн. Избранные места из проекта вечного мира (в изложении Ж.-Ж. Руссо) / Ш.И. де Сен-Пьер. Суждение о вечном мире / Ж.-Ж. Руссо. К вечному миру / И. Кант. К вечному миру. Филосовский проект Иммануила Канта / И.Г. Фихте. Письма для поощрения гуманности / И.Г. Гердер. Рассуждение о мире и войне / В.Ф. Малиновский | |
| 464 | 0 |
_12001#$aК вечному миру _1700#1$aКант$bИ.$f1724-1804$gИммануил |
|
| 464 | 0 |
_12001#$aСуждение о вечном мире _1700#1$aРуссо$bЖ.Ж.$f1712-1778$gЖан Жак |
|
| 464 | 0 |
_12001#$aК вечному миру$eФилософский проект Иммануила Канта _1700#1$aФихте$bИ.Г.$f1762-1814$gИоганн Готлиб _1702#1$aКант$bИ.$f1724-1804$gИммануил$4570 |
|
| 464 | 0 |
_12001#$aРассуждение о мире и войне _1700#1$aМалиновский$bВ.Ф.$f1765-1814$gВасилий Федорович |
|
| 464 | 0 |
_12001#$aПисьма для поощрения гуманности _1700#1$aГердер$bИ.Г.$f1744-1803$gИоганн Готфрид |
|
| 464 | 0 |
_12001#$aВсеобщий совет об исправлении человеческих дел (часть шестая)$aВсеобщее исправление (Panorthosie) _1700#1$aКоменский$bЯ.А.$f1592-1670$gЯн Амос |
|
| 464 | 0 |
_12001#$aЖалоба мира _1700#0$aЭразм Роттердамский$f1469-1536 |
|
| 464 | 0 |
_12001#$aИзбранные места из проекта вечного мира (в изложении Ж.-Ж. Руссо) _1700#1$aСен-Пьер$bШ.И. де _1702#1$aРуссо$bЖ.Ж.$f1712-1778$gЖан Жак$4570 |
|
| 464 | 0 |
_12001#$aОпыт о настоящем и будущем мире в Европе путем создания европейского Конгресса, Парламента или Палаты государств _1700#1$aПенн$bВ. |
|
| 606 |
_a"Вечный мир" _2psbo |
||
| 702 | 1 |
_aГулыга _bА. В. _4220 |
|
| 702 | 1 |
_aКонстантинов _bФ. В. _f1901-1991 _gФедор Васильевич _3RU\NLR\AUTH\770278220 _4080 |
|
| 702 | 1 |
_aАндреева _bИ. С. _4080 _4212 _4220 |
|
| 801 | 0 |
_aRU _bNLR _gpsbo |
|
| 801 | 1 |
_aRU _bELAR _2rusmarc |
|
| 852 |
_aNLR _j63-3/5236 |
||
| 942 | _cBOOK | ||
| 980 | _aNB | ||